=LDR 00000nam 2200000 4500 =001 NUTBA000000000003229 =005 20140807160458.0 =006 =007 =008 =020 ##$$a 978-979-756-016-18 =035 ##$$a 0010-081400000000073 =040 ##$$a NBPDMAT =082 ##$$a 372.3 =090 ##$$a 372.3 $b Ala a =100 ##$$a Alanna Faradiani =245 ##$$a Ayo mengukur berat / $c Alanna Fardiani ; editor, IM M =260 ##$$a Surabaya : $b Graha Ilmu Mulia, $c 2011 =300 ##$$a iv, 52 hlm. : $b ilus. ; $c 25 cm. =650 ##$$a Pendidikan dasar sains =990 ##$$a 21404297 =990 ##$$a 0001/BPAP-NTB/20142014 =990 ##$$a 0001/BPAP-NTB/20142014 =990 ##$$a 0001/BPAP-NTB/20142014 =990 ##$$a 0001/BPAP-NTB/20142014 =990 ##$$a 0001/BPAP-NTB/20142014